[Event "Quebec op"]
[Site "Montreal CAN"]
[Date "2000.07.29"]
[Round "9"]
[White "Evelev, Vladimir"]
[Black "Luksza, Arkadiusz"]
[Result "1-0"]
[WhiteElo "2452"]
[BlackElo "2063"]
[PlyCount "43"]
[GameId "2160767911653259"]
[EventDate "2000.07.22"]
[EventType "swiss"]
[EventRounds "9"]
[EventCountry "CAN"]

1. d4 g6 2. e4 Bg7 3. Nc3 d6 4. Bg5 c6 5. Qd2 Qc7 6. f4 h6 7. Bh4 b5 8. a3 Nd7 9. Nf3 Nb6 10. h3 Nf6 11. e5 Nfd5 12. Nxd5 Nxd5 13. Bd3 Be6 14. O-O O-O 15. g4 Qc8 16. Bg3 a6 17. Nh4 dxe5 18. dxe5 Nb6 19. f5 Nc4 20. Qe2 gxf5 21. gxf5 Bd5 22. b3 1-0

[Event "Quebec op"]
[Site "Montreal CAN"]
[Date "2000.07.29"]
[Round "9"]
[White "Feoktistov, Dmitri"]
[Black "Ibrahim, Anthony"]
[Result "0-1"]
[WhiteElo "1991"]
[BlackElo "2202"]
[PlyCount "50"]
[GameId "2160767911653260"]
[EventDate "2000.07.22"]
[EventType "swiss"]
[EventRounds "9"]
[EventCountry "CAN"]

1. d4 Nf6 2. c4 g6 3. Nc3 Bg7 4. e4 d6 5. f3 O-O 6. Be3 e5 7. Nge2 c6 8. Qd2 Nbd7 9. O-O-O Qa5 10. a3 a6 11. g4 b5 12. cxb5 axb5 13. Na2 Qc7 14. Nec3 exd4 15. Bxd4 Nc5 16. Bxc5 dxc5 17. Qd6 Qa7 18. Qxc6 b4 19. axb4 Be6 20. g5 Nh5 21. bxc5 Bxa2 22. Rd7 Qa5 23. Nxa2 Qxa2 24. Qb5 Qa1+ 25. Kd2 Ra2 0-1

[Event "Quebec op"]
[Site "Montreal CAN"]
[Date "2000.07.29"]
[Round "9"]
[White "Gagnon, Michel"]
[Black "Bachand-Fleurent, Julien"]
[Result "1/2-1/2"]
[WhiteElo "2193"]
[BlackElo "1962"]
[PlyCount "112"]
[GameId "2160767911653261"]
[EventDate "2000.07.22"]
[EventType "swiss"]
[EventRounds "9"]
[EventCountry "CAN"]

1. d4 d5 2. Nf3 c6 3. e3 Nf6 4. Bd3 Bg4 5. Nbd2 e6 6. c3 Bd6 7. Qb3 Qc7 8. Ne5 Bxe5 9. dxe5 Nfd7 10. f4 Nc5 11. Qc2 Nxd3+ 12. Qxd3 Nd7 13. e4 Bh5 14. O-O Nc5 15. Qe3 Nxe4 16. Nxe4 dxe4 17. Qxe4 Bg6 18. Qf3 O-O-O 19. Be3 Kb8 20. Qf2 b6 21. a4 Bd3 22. Rfc1 Bc4 23. a5 Kb7 24. Ra4 Bb5 25. axb6 axb6 26. Rb4 Rd3 27. h3 Rhd8 28. c4 Qe7 29. c5 Rd1+ 30. Rxd1 Rxd1+ 31. Kh2 Rd5 32. Rxb5 cxb5 33. cxb6 Qb4 34. f5 Qe4 35. fxe6 Qxe5+ 36. Bf4 Qxe6 37. Bc7 g5 38. b3 Qe8 39. Qf6 Rc5 40. b4 Rxc7 41. bxc7 Kxc7 42. Qxg5 Qd7 43. g3 f5 44. h4 Qe6 45. Qf4+ Kc6 46. Kh3 Kd5 47. Qd2+ Kc6 48. Kh2 Qd7 49. Qh6+ Kd5 50. Qf4 Kc6 51. h5 Qe6 52. Kh3 Kd5 53. h6 Qe4 54. Kh4 Qxf4+ 55. gxf4 Kd4 56. Kg5 Ke4 1/2-1/2

[Event "Quebec op"]
[Site "Montreal CAN"]
[Date "2000.07.29"]
[Round "9"]
[White "Gaspariants, Garry"]
[Black "Kurenkov, Nikolai"]
[Result "0-1"]
[WhiteElo "2282"]
[BlackElo "2329"]
[PlyCount "52"]
[GameId "2160767911653262"]
[EventDate "2000.07.22"]
[EventType "swiss"]
[EventRounds "9"]
[EventCountry "CAN"]

1. d4 Nf6 2. Nf3 g6 3. Bg5 Bg7 4. Nbd2 O-O 5. c3 d6 6. e4 Nbd7 7. Bc4 h6 8. Bh4 c6 9. Qe2 b5 10. Bb3 a5 11. e5 dxe5 12. dxe5 Nd5 13. e6 Nc5 14. exf7+ Rxf7 15. O-O Bf5 16. Ne5 Bxe5 17. Qxe5 Nd3 18. Qg3 Nxb2 19. Nf3 a4 20. Nd4 axb3 21. Nxf5 Kh7 22. Nd4 bxa2 23. Nxc6 Qd6 24. Ne5 Rf5 25. f4 Nxf4 26. Rxf4 Qxe5 0-1

[Event "Quebec op"]
[Site "Montreal CAN"]
[Date "2000.07.29"]
[Round "9"]
[White "Gibson, Kris"]
[Black "Dvoretskij, Alexey"]
[Result "0-1"]
[WhiteElo "1865"]
[BlackElo "2098"]
[PlyCount "94"]
[GameId "2160767911653263"]
[EventDate "2000.07.22"]
[EventType "swiss"]
[EventRounds "9"]
[EventCountry "CAN"]

1. e4 e5 2. d4 exd4 3. Nf3 Nf6 4. e5 Ne4 5. Bc4 Bb4+ 6. Bd2 Bc5 7. Bd5 Nxd2 8. Nbxd2 O-O 9. Ne4 d6 10. Nfg5 h6 11. Qh5 Qe7 12. O-O Bf5 13. Nxf7 Rxf7 14. Qxf5 Nc6 15. Nf6+ gxf6 16. exf6 Kh8 17. Bxf7 Qxf7 18. Rae1 Rf8 19. Re6 d3 20. Qe4 dxc2 21. Re1 Bd4 22. Qxc2 Bxf6 23. Qd2 Bg5 24. Rxh6+ Bxh6 25. Qxh6+ Kg8 26. Qh4 Qf4 27. Qxf4 Rxf4 28. g3 Rf7 29. f4 Re7 30. Rxe7 Nxe7 31. Kf2 d5 32. h4 d4 33. a3 c5 34. g4 Ng6 35. f5 Nxh4 36. a4 b6 37. b3 Kf7 38. Ke2 Kf6 39. Kd3 Nf3 40. Ke4 Nd2+ 41. Kf4 Nxb3 42. g5+ Kf7 43. Ke4 Nd2+ 44. Kf4 c4 45. f6 Kg6 46. Ke5 c3 47. Ke6 Ne4 0-1

[Event "Quebec op"]
[Site "Montreal CAN"]
[Date "2000.07.29"]
[Round "9"]
[White "Goldenberg, Danny"]
[Black "Sarwer, Jeff"]
[Result "0-1"]
[WhiteElo "2317"]
[BlackElo "2164"]
[PlyCount "126"]
[GameId "2160767911653264"]
[EventDate "2000.07.22"]
[EventType "swiss"]
[EventRounds "9"]
[EventCountry "CAN"]

1. e4 Nc6 2. Nf3 d6 3. d4 Nf6 4. Nc3 Bg4 5. Be2 e5 6. d5 Bxf3 7. gxf3 Nd4 8. Be3 Nxe2 9. Qxe2 Qd7 10. O-O-O Nh5 11. Qc4 a6 12. Ne2 g6 13. f4 exf4 14. Nxf4 Nxf4 15. Bxf4 Bg7 16. Bg3 O-O 17. h4 h5 18. Rhe1 Rfe8 19. Re2 b5 20. Qd3 Qg4 21. Rg1 Re7 22. f3 Qh3 23. Rh2 Qd7 24. Be1 c5 25. dxc6 Qxc6 26. Bb4 Rd7 27. Rd1 a5 28. Be1 b4 29. Qd5 Qxd5 30. Rxd5 Be5 31. Rg2 Kf8 32. Bg3 Bxg3 33. Rxg3 Ke7 34. Rgg5 Rda7 35. Rb5 Ke6 36. Kd1 Rc7 37. Rxa5 Rca7 38. Rxa7 Rxa7 39. Kc1 Rxa2 40. Kb1 Ra7 41. Rb5 f6 42. f4 f5 43. e5 Rd7 44. Rb6 Kd5 45. exd6 Kc5 46. Rb8 Rxd6 47. Rg8 Re6 48. Ka2 Kd4 49. Kb3 Ke3 50. Kxb4 Kxf4 51. c4 Kg3 52. Kc5 f4 53. Kd5 Rf6 54. Ke5 f3 55. Kxf6 f2 56. Kxg6 f1=Q 57. Kxh5+ Kh3 58. Rg7 Qxc4 59. Kg6 Kxh4 60. Kf6 Qd4+ 61. Kf7 Qxb2 62. Kg8 Kh5 63. Kh7 Qc2+ 0-1

[Event "Quebec op"]
[Site "Montreal CAN"]
[Date "2000.07.29"]
[Round "9"]
[White "Grigoriants, Sergey"]
[Black "Kogan, Artur"]
[Result "1/2-1/2"]
[WhiteElo "2503"]
[BlackElo "2483"]
[PlyCount "69"]
[GameId "2160767911653265"]
[EventDate "2000.07.22"]
[EventType "swiss"]
[EventRounds "9"]
[EventCountry "CAN"]

1. e4 c5 2. Nf3 Nc6 3. d4 cxd4 4. Nxd4 Qc7 5. Nc3 e6 6. Be2 a6 7. O-O Nf6 8. a3 Nxd4 9. Qxd4 Bd6 10. Kh1 Be5 11. Qd3 b5 12. Nxb5 axb5 13. f4 Bd6 14. e5 Be7 15. exf6 Bxf6 16. f5 e5 17. Bd2 O-O 18. Bb4 Re8 19. Rad1 Bb7 20. Qxd7 Qxc2 21. Rd2 Qe4 22. Bd3 Qc6 23. Bxb5 Qxd7 24. Rxd7 Ba6 25. Bxa6 Rxa6 26. Bc3 e4 27. Bxf6 Rxf6 28. g4 e3 29. Re1 h5 30. Rd3 Rb8 31. b4 hxg4 32. Rdxe3 Rxf5 33. Re8+ Rxe8 34. Rxe8+ Kh7 35. Re1 1/2-1/2

[Event "Quebec op"]
[Site "Montreal CAN"]
[Date "2000.07.29"]
[Round "9"]
[White "Grondin, Jean-Philippe"]
[Black "Reeve, Jeff"]
[Result "1-0"]
[WhiteElo "2107"]
[BlackElo "2318"]
[PlyCount "103"]
[GameId "2160767911653266"]
[EventDate "2000.07.22"]
[EventType "swiss"]
[EventRounds "9"]
[EventCountry "CAN"]

1. e4 c5 2. Nf3 d6 3. d4 cxd4 4. Nxd4 Nf6 5. Nc3 a6 6. Bg5 e6 7. Qf3 Nbd7 8. O-O-O Qc7 9. Qg3 Be7 10. Be2 b5 11. Bxb5 Rb8 12. Ba4 O-O 13. Nc6 Nc5 14. Nxe7+ Qxe7 15. Rxd6 Nxa4 16. Nxa4 h6 17. Bxf6 Qxf6 18. e5 Qf5 19. Nc5 Rb5 20. Qe3 Qg4 21. f4 Qxg2 22. Rg1 Qxh2 23. Rd2 Qh4 24. Rdg2 g6 25. Ne4 Bb7 26. Rg4 Qh2 27. R4g2 Qh4 28. Rg4 Qh2 29. Nd6 h5 30. R4g3 Rb4 31. Nxb7 Rc8 32. R3g2 Qxf4 33. Qxf4 Rxf4 34. Nd6 Rc5 35. Re2 Kg7 36. c4 h4 37. b4 Rfxc4+ 38. Nxc4 Rxc4+ 39. Kd2 Rxb4 40. Ke3 Ra4 41. Rf1 g5 42. Rf6 Ra3+ 43. Kf2 h3 44. Kg1 Kg8 45. Kh1 Kg7 46. Kh2 a5 47. Re4 Rxa2+ 48. Kxh3 a4 49. Rg4 a3 50. Rxg5+ Kf8 51. Rf3 Ra1 52. Kh2 1-0

[Event "Quebec op"]
[Site "Montreal CAN"]
[Date "2000.07.29"]
[Round "9"]
[White "Khassanov, Marat"]
[Black "Tyomkin, Dimitri"]
[Result "1-0"]
[WhiteElo "2409"]
[BlackElo "2513"]
[PlyCount "53"]
[GameId "2160767911653267"]
[EventDate "2000.07.22"]
[EventType "swiss"]
[EventRounds "9"]
[EventCountry "CAN"]

1. Nf3 d5 2. c4 e6 3. d4 c6 4. e3 Nf6 5. Bd3 Nbd7 6. Nbd2 Bd6 7. O-O O-O 8. e4 e5 9. cxd5 cxd5 10. exd5 exd4 11. Re1 Nxd5 12. Nxd4 Nc5 13. Ne4 Nxd3 14. Qxd3 Be7 15. h3 Nb4 16. Qc3 Bd7 17. Qg3 Qb6 18. Bf4 Nd5 19. Nc3 Nxf4 20. Rxe7 Nh5 21. Qe5 Nf6 22. Nd5 Nxd5 23. Qxd5 Qxb2 24. Rae1 Bc6 25. Nxc6 bxc6 26. Qxc6 Qxa2 27. Qxa8 1-0

[Event "Quebec op"]
[Site "Montreal CAN"]
[Date "2000.07.29"]
[Round "9"]
[White "Kulagin, Maxim"]
[Black "Beaulieu, Pierre"]
[Result "0-1"]
[WhiteElo "1895"]
[BlackElo "2193"]
[PlyCount "80"]
[GameId "2160767911653268"]
[EventDate "2000.07.22"]
[EventType "swiss"]
[EventRounds "9"]
[EventCountry "CAN"]

1. e4 g6 2. d4 Bg7 3. Nf3 d6 4. Nc3 Nf6 5. Be2 c6 6. O-O O-O 7. h3 Qc7 8. Be3 Nbd7 9. Qd2 Re8 10. Rad1 b5 11. Bd3 e5 12. dxe5 dxe5 13. Rfe1 Bb7 14. a3 a6 15. Qe2 c5 16. Bxb5 axb5 17. Nxb5 Qb6 18. Nd6 Ba6 19. Qd2 Re7 20. Ng5 Qc6 21. f3 Rb8 22. Qc3 h6 23. Ngxf7 Rxf7 24. Nxf7 Kxf7 25. b4 Bf8 26. Kh1 Rc8 27. bxc5 Qe6 28. Qd2 h5 29. g4 Nxc5 30. Kg2 hxg4 31. hxg4 Nxg4 32. fxg4 Qxg4+ 33. Kh2 Qh4+ 34. Kg2 Qg4+ 35. Kh2 Be7 36. Qd5+ Ne6 37. Qxe5 Rxc2+ 38. Bd2 Bf6 39. Qg3 Qh5+ 40. Qh3 Be5+ 0-1

[Event "Quebec op"]
[Site "Montreal CAN"]
[Date "2000.07.29"]
[Round "9"]
[White "Lazarev, Vladimir"]
[Black "Golts, Roman"]
[Result "1-0"]
[WhiteElo "2518"]
[BlackElo "2291"]
[PlyCount "59"]
[GameId "2160767911653269"]
[EventDate "2000.07.22"]
[EventType "swiss"]
[EventRounds "9"]
[EventCountry "CAN"]

1. d4 Nf6 2. c4 e6 3. Nc3 Bb4 4. Qc2 O-O 5. a3 Bxc3+ 6. Qxc3 b6 7. Bg5 Ba6 8. e3 d6 9. Bd3 Nbd7 10. Ne2 c5 11. Qc2 h6 12. Bh4 Rc8 13. Qa4 Bb7 14. O-O Bc6 15. Qd1 Qc7 16. f3 d5 17. cxd5 Nxd5 18. Qd2 Qb7 19. Rac1 Rfe8 20. e4 Nc7 21. b4 cxd4 22. Nxd4 Ba4 23. f4 a6 24. Qe2 e5 25. Nf5 Re6 26. Bc4 Rf8 27. Qg4 g5 28. fxg5 Rg6 29. Bxf7+ Kxf7 30. Nd6+ 1-0

[Event "Quebec op"]
[Site "Montreal CAN"]
[Date "2000.07.29"]
[Round "9"]
[White "Pineault, Denis"]
[Black "Raheb, David"]
[Result "0-1"]
[WhiteElo "2175"]
[BlackElo "2098"]
[PlyCount "90"]
[GameId "2160767911653273"]
[EventDate "2000.07.22"]
[EventType "swiss"]
[EventRounds "9"]
[EventCountry "CAN"]

1. e4 c5 2. Nf3 d6 3. d4 cxd4 4. Nxd4 Nf6 5. Nc3 a6 6. Bc4 e6 7. O-O b5 8. Bb3 Be7 9. f4 Bb7 10. f5 e5 11. Nde2 Nbd7 12. Ng3 h5 13. Qf3 h4 14. Nge2 Nc5 15. Bd5 Bxd5 16. Nxd5 Ncxe4 17. Nxf6+ Nxf6 18. Bg5 Rc8 19. Bxf6 Qb6+ 20. Kh1 Bxf6 21. Nc3 Qc6 22. Nd5 h3 23. gxh3 Rxh3 24. Qxh3 Qxd5+ 25. Qg2 Qxg2+ 26. Kxg2 Rxc2+ 27. Rf2 Rc5 28. Rd1 Kd7 29. Rfd2 Be7 30. Rd5 Rxd5 31. Rxd5 Kc6 32. Rd1 Bg5 33. Kf3 d5 34. Kg4 f6 35. Rd3 b4 36. a3 a5 37. axb4 axb4 38. Rd1 d4 39. Ra1 e4 40. Ra8 b3 41. Rd8 Kc5 42. Kg3 Kc4 43. Rb8 d3 44. Kf2 e3+ 45. Ke1 Bh4+ 0-1

[Event "Quebec op"]
[Site "Montreal CAN"]
[Date "2000.07.29"]
[Round "9"]
[White "Poulin, Maurice"]
[Black "Antonenko, Valerija"]
[Result "0-1"]
[WhiteElo "2108"]
[BlackElo "2061"]
[PlyCount "60"]
[GameId "2160767911653274"]
[EventDate "2000.07.22"]
[EventType "swiss"]
[EventRounds "9"]
[EventCountry "CAN"]

1. e4 c5 2. Nf3 d6 3. Bb5+ Bd7 4. Bxd7+ Qxd7 5. c4 Nc6 6. Nc3 g6 7. d4 cxd4 8. Nxd4 Bg7 9. Be3 Nf6 10. f3 O-O 11. Qd2 Rfc8 12. b3 a6 13. Rd1 Nxd4 14. Bxd4 b5 15. cxb5 axb5 16. a4 bxa4 17. Nxa4 Rab8 18. Nb6 Rxb6 19. Bxb6 Nxe4 20. Qd3 Nc3 21. Rc1 Qb7 22. Bd4 Bxd4 23. Qxd4 Qxb3 24. Qd3 Qb6 25. g3 Rc5 26. Kf1 Nd5 27. Rxc5 Qxc5 28. h4 Qc1+ 29. Kg2 Ne3+ 30. Kh2 Qb2+ 0-1

[Event "Quebec op"]
[Site "Montreal CAN"]
[Date "2000.07.29"]
[Round "9"]
[White "Prahov, Valentin"]
[Black "Razdolksky, Ilija"]
[Result "1-0"]
[WhiteElo "2170"]
[BlackElo "2143"]
[PlyCount "69"]
[GameId "2160767911653275"]
[EventDate "2000.07.22"]
[EventType "swiss"]
[EventRounds "9"]
[EventCountry "CAN"]

1. e4 e6 2. d4 d5 3. e5 c5 4. c3 Nc6 5. Nf3 Qb6 6. a3 c4 7. g3 Na5 8. Nbd2 Bd7 9. h4 Ne7 10. Bh3 h6 11. O-O Nb3 12. Rb1 Ba4 13. Re1 Nc6 14. Nxb3 Bxb3 15. Qe2 Be7 16. h5 O-O-O 17. Bf4 Kb8 18. Rbc1 Ka8 19. Kg2 Rdg8 20. Bg4 Nd8 21. Qd2 Qc6 22. Rh1 Qe8 23. Be3 Bf8 24. Rcf1 Nc6 25. Nh4 Be7 26. f4 Bxh4 27. Rxh4 g6 28. Rfh1 Qf8 29. hxg6 Rxg6 30. f5 exf5 31. Bxf5 Rgg8 32. Bxh6 Qe8 33. Bg5 Rxh4 34. Rxh4 Ne7 35. Bh7 1-0

[Event "Quebec op"]
[Site "Montreal CAN"]
[Date "2000.07.29"]
[Round "9"]
[White "Sakr, Nassim"]
[Black "Kalinichev, Andrey"]
[Result "1/2-1/2"]
[WhiteElo "2193"]
[BlackElo "2043"]
[PlyCount "58"]
[GameId "2160767911653277"]
[EventDate "2000.07.22"]
[EventType "swiss"]
[EventRounds "9"]
[EventCountry "CAN"]

1. e4 c5 2. Nf3 e6 3. d4 cxd4 4. Nxd4 a6 5. c4 Nf6 6. Nc3 Bb4 7. Bd3 Nc6 8. Nxc6 dxc6 9. e5 Qd4 10. O-O Qxe5 11. Re1 Qc7 12. Bg5 Be7 13. Qf3 h6 14. Bf4 Bd6 15. Bxd6 Qxd6 16. Rad1 Qe7 17. Re5 Nd7 18. Rh5 f5 19. Re1 g6 20. Rh3 Nf6 21. Qe3 Ng4 22. Qg3 Kf7 23. Rh4 g5 24. Rxg4 fxg4 25. Qxg4 h5 26. Qg3 h4 27. Qe5 Qf6 28. Qc7+ Qe7 29. Qe5 Qf6 1/2-1/2

[Event "Quebec op"]
[Site "Montreal CAN"]
[Date "2000.07.29"]
[Round "9"]
[White "Sasseville, Jean"]
[Black "Fillion, Steve"]
[Result "1/2-1/2"]
[WhiteElo "1950"]
[BlackElo "2131"]
[PlyCount "114"]
[GameId "2160767911653278"]
[EventDate "2000.07.22"]
[EventType "swiss"]
[EventRounds "9"]
[EventCountry "CAN"]

1. c4 c6 2. Nc3 d5 3. d4 Nf6 4. Nf3 e6 5. Bg5 Nbd7 6. e3 Qa5 7. Nd2 dxc4 8. Bxf6 Nxf6 9. Nxc4 Qc7 10. Rc1 Nd5 11. Bd3 Nxc3 12. bxc3 Be7 13. O-O O-O 14. Ne5 g6 15. f4 c5 16. g4 f6 17. Nc4 Bd7 18. f5 Kg7 19. e4 b5 20. Nd2 cxd4 21. cxd4 Qb6 22. Nf3 e5 23. Bb1 exd4 24. Qxd4 Qxd4+ 25. Nxd4 Rfc8 26. Kg2 b4 27. g5 Rxc1 28. Rxc1 Rc8 29. Rxc8 Bxc8 30. e5 fxe5 31. f6+ Bxf6 32. gxf6+ Kxf6 33. Nb5 a5 34. Nd6 Be6 35. Ne4+ Ke7 36. Kf3 Bf5 37. Bd3 Be6 38. Bb1 Bd5 39. Kg4 h6 40. Nf2 Be6+ 41. Kf3 Bf5 42. Ne4 g5 43. Bd3 h5 44. Bc2 h4 45. Bb3 g4+ 46. Ke3 Bd7 47. Nf2 g3 48. hxg3 hxg3 49. Ne4 g2 50. Kf2 Bc6 51. Nd2 a4 52. Bg8 Kf6 53. Nc4 b3 54. axb3 axb3 55. Nb2 Ke7 56. Bxb3 Kf6 57. Nd1 Bb7 1/2-1/2

[Event "Quebec op"]
[Site "Montreal CAN"]
[Date "2000.07.29"]
[Round "9"]
[White "Strassmann, Swantje"]
[Black "Archangelsky, Mikhail"]
[Result "0-1"]
[WhiteElo "2070"]
[BlackElo "2384"]
[PlyCount "86"]
[GameId "2160767911653280"]
[EventDate "2000.07.22"]
[EventType "swiss"]
[EventRounds "9"]
[EventCountry "CAN"]

1. e4 e6 2. d4 d5 3. e5 c5 4. c3 Qb6 5. Nf3 Nc6 6. a3 Bd7 7. b4 cxd4 8. cxd4 Rc8 9. Be3 Nh6 10. Bd3 Ng4 11. O-O Be7 12. Nbd2 Nxe3 13. fxe3 Nb8 14. Nb3 Ba4 15. Qb1 Rc3 16. Nc5 Bxc5 17. bxc5 Qxb1 18. Bxb1 Rxe3 19. Ng5 Nc6 20. Nxf7 O-O 21. Bxh7+ Kxh7 22. Ng5+ Kg8 23. Nxe6 Rxf1+ 24. Rxf1 Rd3 25. Rf8+ Kh7 26. Rf7 Nxd4 27. Nxg7 Bc6 28. e6 Kg6 29. Rc7 Nf5 30. Nxf5 Kxf5 31. Rg7 Kxe6 32. h4 Kf6 33. Rg8 d4 34. h5 Re3 35. h6 Re7 36. Rg4 d3 37. Rd4 Rd7 38. h7 Rxh7 39. Rxd3 Rg7 40. g3 Rg4 41. Kf2 Ke5 42. Rc3 Kd5 43. Ke2 Rc4 0-1

[Event "Quebec op U2000"]
[Site "Montreal CAN"]
[Date "2000.07.27"]
[Round "7"]
[White "Blais, Georges"]
[Black "Simard, Jole"]
[Result "1-0"]
[WhiteElo "1766"]
[BlackElo "1553"]
[PlyCount "27"]
[GameId "2160767739382516"]
[EventDate "2000.07.22"]
[EventType "swiss"]
[EventRounds "9"]
[EventCountry "CAN"]
[TimeControl "40/2:0"]

1. Nf3 Nf6 2. b3 e6 3. Bb2 b6 4. g3 Bb7 5. Bg2 Be7 6. O-O O-O 7. c4 d6 8. Nc3 Nbd7 9. d3 Ne8 10. e4 f5 11. Nd4 Rf6 12. exf5 Bxg2 13. Kxg2 exf5 14. Nc6 1-0

[Event "Quebec-ch"]
[Site "Montreal CAN"]
[Date "2000.??.??"]
[Round "1"]
[White "Gravel, Simon M"]
[Black "Leger, Manon"]
[Result "1-0"]
[WhiteElo "2262"]
[BlackElo "2090"]
[PlyCount "73"]
[GameId "2160767911741628"]
[EventDate "2000.??.??"]
[EventType "tourn"]
[EventRounds "7"]
[EventCountry "CAN"]
[SourceTitle "EXT 2001"]
[Source "ChessBase"]
[SourceDate "2000.11.22"]
[SourceVersion "1"]
[SourceVersionDate "2000.11.22"]
[SourceQuality "1"]

1. e4 e5 2. f4 Bc5 3. Nf3 d6 4. Nc3 Nf6 5. Bc4 Nc6 6. d3 O-O 7. fxe5 dxe5 8. Bg5 Qd6 9. Nb5 Qd8 10. Bxf6 gxf6 11. Qd2 a6 12. Nc3 Nd4 13. O-O-O b5 14. Bb3 c6 15. Nxd4 Qxd4 16. Rhf1 Be7 17. Ne2 Qd8 18. Kb1 Be6 19. Ng3 Kh8 20. Nf5 Rg8 21. Rf3 Bxf5 22. Rxf5 Rg7 23. c3 a5 24. d4 exd4 25. cxd4 a4 26. Bc2 Qb6 27. g3 b4 28. Qd3 a3 29. Bb3 Rd8 30. Qc4 Rc8 31. e5 Qa5 32. Rdf1 fxe5 33. Rxf7 Qb5 34. Qe6 Qd3+ 35. Bc2 Qa6 36. Qxe5 Re8 37. Qxg7# 1-0

[Event "Quebec-ch"]
[Site "Montreal CAN"]
[Date "2000.??.??"]
[Round "2"]
[White "Strassmann, Swantje"]
[Black "Cormos, Eugene"]
[Result "1-0"]
[WhiteElo "2127"]
[BlackElo "2087"]
[PlyCount "79"]
[GameId "2160767911741633"]
[EventDate "2000.??.??"]
[EventType "tourn"]
[EventRounds "7"]
[EventCountry "CAN"]
[SourceTitle "EXT 2001"]
[Source "ChessBase"]
[SourceDate "2000.11.22"]
[SourceVersion "1"]
[SourceVersionDate "2000.11.22"]
[SourceQuality "1"]

1. e4 e5 2. Bc4 Nf6 3. d3 Bc5 4. Nf3 d6 5. O-O Bg4 6. Re1 c6 7. Bb3 Bh5 8. h3 a5 9. c3 O-O 10. Nbd2 Qd7 11. Nf1 Bg6 12. Nh4 Nh5 13. Nxg6 hxg6 14. a4 Na6 15. Be3 Kh7 16. Bc2 Bxe3 17. Nxe3 Nc7 18. d4 Qe7 19. Qg4 Nf4 20. Rad1 Nfe6 21. Nc4 b5 22. dxe5 bxc4 23. exd6 Qd7 24. dxc7 Qxc7 25. e5 Qb6 26. Rb1 Qc5 27. Red1 Nc7 28. Qe4 Qe7 29. Qxc4 c5 30. Qe4 Rab8 31. f4 f5 32. exf6 Qxf6 33. g3 Rbe8 34. Qf3 Qe6 35. Qh5+ Kg8 36. Bxg6 Qe3+ 37. Kh1 Rxf4 38. Qh7+ Kf8 39. Qh8+ Ke7 40. Qxg7+ 1-0

[Event "Quebec-ch"]
[Site "Montreal CAN"]
[Date "2000.??.??"]
[Round "3"]
[White "Gottlieb, Jonathan"]
[Black "Cormos, Eugene"]
[Result "1-0"]
[WhiteElo "2126"]
[BlackElo "2087"]
[PlyCount "66"]
[GameId "2160767911741634"]
[EventDate "2000.??.??"]
[EventType "tourn"]
[EventRounds "7"]
[EventCountry "CAN"]
[SourceTitle "EXT 2001"]
[Source "ChessBase"]
[SourceDate "2000.11.22"]
[SourceVersion "1"]
[SourceVersionDate "2000.11.22"]
[SourceQuality "1"]

1. e4 e5 2. Nf3 Nc6 3. Bc4 Bc5 4. c3 Nf6 5. d4 exd4 6. cxd4 Bb4+ 7. Bd2 Bxd2+ 8. Nbxd2 d6 9. O-O O-O 10. Re1 Bg4 11. Qc2 Nd7 12. Rac1 a6 13. a3 Ne7 14. e5 Bf5 15. Bd3 Bxd3 16. Qxd3 Ng6 17. Nc4 dxe5 18. dxe5 Nc5 19. Qe3 Qe7 20. b4 Ne6 21. Na5 c6 22. Rcd1 Rfd8 23. Nc4 Nef4 24. g3 Nd5 25. Qc1 c5 26. Nd6 Nxe5 27. Rxe5 Qxd6 28. Rexd5 Qxd5 29. Rxd5 Rxd5 30. Qc4 Rd1+ 31. Kg2 cxb4 32. Ne5 bxa3 33. Qxf7+ Kh8 1-0

[Event "Quebec-ch"]
[Site "Montreal CAN"]
[Date "2000.??.??"]
[Round "3"]
[White "Leger, Manon"]
[Black "Strassmann, Swantje"]
[Result "0-1"]
[WhiteElo "2090"]
[BlackElo "2127"]
[PlyCount "59"]
[GameId "2160767911741636"]
[EventDate "2000.??.??"]
[EventType "tourn"]
[EventRounds "7"]
[EventCountry "CAN"]
[SourceTitle "EXT 2001"]
[Source "ChessBase"]
[SourceDate "2000.11.22"]
[SourceVersion "1"]
[SourceVersionDate "2000.11.22"]
[SourceQuality "1"]

1. e4 c5 2. Nf3 d6 3. d4 cxd4 4. Nxd4 Nf6 5. Nc3 a6 6. Bg5 e6 7. Qd2 Be7 8. O-O-O Nbd7 9. f4 Qc7 10. Bd3 b5 11. Rhe1 Bb7 12. e5 dxe5 13. fxe5 Nxe5 14. Bxb5+ axb5 15. Ncxb5 Qc5 16. Rxe5 Qxe5 17. Bf4 Rxa2 18. Kb1 Qc5 19. Nc7+ Qxc7 20. Bxc7 Ra6 21. b4 O-O 22. Nb3 Rc6 23. Be5 Rc4 24. c3 Be4+ 25. Kb2 h6 26. Na5 Rcc8 27. c4 Bg6 28. Kb3 Ne4 29. Qe2 Bg5 30. Rd7 0-1

[Event "Quebec-ch"]
[Site "Montreal CAN"]
[Date "2000.??.??"]
[Round "4"]
[White "Strassmann, Swantje"]
[Black "Gottlieb, Jonathan"]
[Result "0-1"]
[WhiteElo "2127"]
[BlackElo "2126"]
[PlyCount "76"]
[GameId "2160767911741640"]
[EventDate "2000.??.??"]
[EventType "tourn"]
[EventRounds "7"]
[EventCountry "CAN"]
[SourceTitle "EXT 2001"]
[Source "ChessBase"]
[SourceDate "2000.11.22"]
[SourceVersion "1"]
[SourceVersionDate "2000.11.22"]
[SourceQuality "1"]

1. e4 c5 2. Nf3 d6 3. d4 cxd4 4. Nxd4 Nf6 5. Nc3 a6 6. Be2 e6 7. O-O Be7 8. f4 Qc7 9. Be3 b5 10. a3 Bb7 11. Bf3 Nbd7 12. Qe2 Rc8 13. Kh1 Nb6 14. e5 Nfd5 15. Nxd5 Nxd5 16. Bd2 Qc4 17. Qf2 O-O 18. Be2 Qc5 19. Rae1 Nxf4 20. Bxf4 dxe5 21. Bxe5 Qxe5 22. Bxb5 Qd5 23. Nf5 exf5 24. Rxe7 axb5 25. c3 Rfe8 26. Re2 Bc6 27. Rfe1 Kf8 28. h3 Rxe2 29. Rxe2 Re8 30. Rd2 Qe5 31. Rd1 g6 32. Qd2 Qe2 33. Qd6+ Kg8 34. Rg1 Re6 35. Qd8+ Kg7 36. Qd4+ Qe5 37. Qd2 Qe3 38. Qd8 Qxh3# 0-1

[Event "Quebec-ch"]
[Site "Montreal CAN"]
[Date "2000.??.??"]
[Round "5"]
[White "Gravel, Simon M"]
[Black "Gottlieb, Jonathan"]
[Result "0-1"]
[WhiteElo "2262"]
[BlackElo "2126"]
[PlyCount "100"]
[GameId "2160767911741641"]
[EventDate "2000.??.??"]
[EventType "tourn"]
[EventRounds "7"]
[EventCountry "CAN"]
[SourceTitle "EXT 2001"]
[Source "ChessBase"]
[SourceDate "2000.11.22"]
[SourceVersion "1"]
[SourceVersionDate "2000.11.22"]
[SourceQuality "1"]

1. e4 c5 2. Nf3 d6 3. d4 cxd4 4. Nxd4 Nf6 5. Nc3 a6 6. Bc4 e6 7. Be3 Be7 8. Qe2 O-O 9. Bb3 b5 10. O-O-O Qc7 11. g4 b4 12. Na4 Nxe4 13. Nb6 Qxb6 14. Nxe6 Qb5 15. Bc4 Bxe6 16. Bxb5 axb5 17. f3 Nc3 18. bxc3 bxc3 19. Rd4 Rxa2 20. Rb4 Bc4 21. Qe1 d5 22. Rb1 Nc6 23. Qxc3 d4 24. Bxd4 Nxd4 25. Qxd4 Rd8 26. Qxd8+ Bxd8 27. Re1 Bg5+ 28. Kd1 Ra8 29. f4 Bxf4 30. Re4 Bxh2 31. Kd2 f6 32. Re7 Be5 33. Ke3 Kf8 34. Rd7 Ra3+ 35. Ke4 Rg3 36. Rbd1 Rxg4+ 37. Ke3 Rg3+ 38. Kf2 Rc3 39. Rb7 Rxc2+ 40. Kg1 Ke8 41. Rdd7 Rc1+ 42. Kf2 Rf1+ 43. Kg2 Rf5 44. Re7+ Kd8 45. Rbd7+ Kc8 46. Ra7 Bf1+ 47. Kh1 Rh5+ 48. Kg1 Bd4+ 49. Kxf1 Bxa7 50. Rxa7 Rg5 0-1